header

Bioenergetics 3 (Record no. 121984)

MARC details
000 -LEADER
fixed length control field 01276nam a22003254a 4500
082 04 - DEWEY DECIMAL CLASSIFICATION NUMBER
Classification number 572/.43
100 1# - MAIN ENTRY--AUTHOR NAME
Personal name Nicholls, David G.
245 10 - TITLE STATEMENT
Title Bioenergetics 3
250 ## - EDITION STATEMENT
Edition statement [3rd ed.].
260 ## - PUBLICATION, DISTRIBUTION, ETC. (IMPRINT)
Place of publication San Diego, Calif. :
Name of publisher Academic Press,
Year of publication c2002.
300 ## - PHYSICAL DESCRIPTION
Number of Pages xviii, 297 p. :
Other physical details ill. (some col.).
650 #0 - SUBJECT ADDED ENTRY--TOPICAL TERM
Topical Term Bioenergetics.
Topical Term Biological transport, Active.
700 1# - ADDED ENTRY--PERSONAL NAME
Personal name Ferguson, S. J.
856 40 - ELECTRONIC LOCATION AND ACCESS
Uniform Resource Identifier http://site.ebrary.com/lib/rucke/Doc?id=10206415

No items available.

© 2026 Rongo University
Contact us: librarian | system librarian | Rongo university